000 00703nam a22002057a 4500
008 160927b xxu||||| |||| 00| 0 eng d
020 _a0072881305
020 _a9780072986211
050 _aHD 60
_b.F72 2005
100 _aLawrence, Anne T.
245 _aBusiness and society :
_bstakeholders, ethics, public policy/
_cAnne T. Lawrence, James Weber and James E. Post.
250 _a11th ed.
260 _aBoston Burr Ridge :
_bMcGraw-Hill ;
_cc2005.
300 _axxi, 535p. :
_bill. ;
500 _aIncludes bibliography and index.
650 _aSocial responsibility of business.
700 _aWeber, James
700 _aPost, James E.
942 _2lcc
_cBOOKS
_hHD 60 .F72 2005
_01
999 _c14181
_d14181